Tribal voter in Bihar (Record no. 353121)

000 -LEADER
fixed length control field 00441cam a22001457a 4500
008 - FIXED-LENGTH DATA ELEMENTS--GENERAL INFORMATION
fixed length control field 180718b1976 xxu||||| |||| 00| 0 eng d
082 ## - DEWEY DECIMAL CLASSIFICATION NUMBER
Classification number F83x5413 Sa14
100 ## - MAIN ENTRY--PERSONAL NAME
Personal name Sachchidanda
245 ## - TITLE STATEMENT
Title Tribal voter in Bihar
Statement of responsibility, etc. by Sachchidanda
260 ## - PUBLICATION, DISTRIBUTION, ETC.
Place of publication, distribution, etc. Delhi
Name of publisher, distributor, etc. National
Date of publication, distribution, etc. 1976
300 ## - PHYSICAL DESCRIPTION
Extent 127p.
650 ## - SUBJECT ADDED ENTRY--TOPICAL TERM
Topical term or geographic name entry element Political participation --India --Bihar (State)
650 ## - SUBJECT ADDED ENTRY--TOPICAL TERM
Topical term or geographic name entry element Tribes --India --Bihar (State)
650 ## - SUBJECT ADDED ENTRY--TOPICAL TERM
Topical term or geographic name entry element Voting --India --Bihar (State)
Holdings
Withdrawn status Lost status Damaged status Not for loan Permanent Location Current Location Date acquired Full call number Barcode Date last seen Price effective from Koha item type
        Indian Institute of Public Administration Indian Institute of Public Administration 1993-11-30 F83x5413 Sa14 51765 2018-07-21 2018-07-21 Book

Powered by Koha